El palacio de papel / (Registro nro. 1956)

000 -CABECERA
campo de control de longitud fija 02113nam a2200373 a 4500
001 - NÚMERO DE CONTROL
campo de control 000034293
005 - FECHA Y HORA DE LA ÚLTIMA TRANSACCIÓN
campo de control 20200120222226.0
008 - DATOS DE LONGITUD FIJA--INFORMACIÓN GENERAL
campo de control de longitud fija 080801s1998 sp br 000 f spa d
020 ## - NÚMERO INTERNACIONAL ESTÁNDAR DEL LIBRO
Número Internacional Estándar del Libro 9788420789880.
090 ## - LOCALMENTE ASIGNADO TIPO-LC NÚMERO DE CLASIFICACIÓN (OCLC); NÚMERO DE CLASIFICACIÓN LOCAL (RLIN)
Número de clasificación (OCLC) (R) ; Numero de clasificación, CALL (RLIN) (NR) N
Número cutter local (OCLC) ; Número de libro/Signatura topográfica íntegra, CALL (RLIN) ZAFp
100 0# - ENTRADA PRINCIPAL--NOMBRE DE PERSONA
Nombre de persona Zafra, José,
Fechas asociadas al nombre 1962-.
245 13 - MENCIÓN DE TÍTULO
Título El palacio de papel /
Mención de responsabilidad, etc. José Zafra ; ilustración : Emilio Urberuaga.
250 ## - MENCIÓN DE EDICIÓN
Mención de edición 1a. ed.
260 ## - PUBLICACIÓN, DISTRIBUCIÓN, ETC.
Lugar de publicación, distribución, etc. Madrid (España) :
Nombre del editor, distribuidor, etc. Anaya,
Fecha de publicación, distribución, etc. 1998.
300 ## - DESCRIPCIÓN FÍSICA
Extensión 112 p. :
Otras características físicas il.
Material acompañante/anejo + 1 anexo (Libro de actividades)
490 0# - MENCIÓN DE SERIE
Mención de serie Sopa de libros
Designación de volumen o secuencia 26
500 ## - NOTA GENERAL
Nota general Incluye información bográfica del autor e ilustrador al final del texto.
500 ## - NOTA GENERAL
Nota general Audiencia : recomendado a partir de 8 años.
500 ## - NOTA GENERAL
Nota general Ej. 8 Biblioteca Colegio Cuidadela : Reposición del libro Destino Nueva York con código de barras no. 012028108.
500 ## - NOTA GENERAL
Nota general Ejs. 1 al 5 de Biblioteca Colegio Ciudadela : Plan Lector 2008.
500 ## - NOTA GENERAL
Nota general Ejs. 6 y 7 de Biblioteca Colegio Ciudadela : Plan Lector, 2009.
500 ## - NOTA GENERAL
Nota general Ejs. 1 y 2 de Biblioteca Colegio Chicalá : Plan Lector, 2009.
500 ## - NOTA GENERAL
Nota general Ejs. 6 y 7 de Biblioparque de Funza : 14a. impr. 2009.
500 ## - NOTA GENERAL
Nota general Ejs. 8 al 11 de Biblioparque de Funza : 14a. impr. 2009, pertenece a la colección Maletines Viajeros, 2013.
500 ## - NOTA GENERAL
Nota general Material con código JEC es adquirido con recursos foniñez - Jornada Escolar Colsubsidio
520 3# - SUMARIO, ETC.
Sumario, etc. "En la biblioteca de un viejo caserón vive una familia de ratones. Allí, en la Enciclopedia, donde «comen lo que leen y leen lo que comen», parece como si las palabras se transformaran en cosas. Un buen día aparece Justino, un ratón de campo, que habita en un maizal y cuenta cómo es el mundo de afuera. Entonces Idolina, la hija, empezará a sentir algo especial que le llevará a tomar una importante decisión...".
650 17 - PUNTO DE ACCESO ADICIONAL DE MATERIA--TÉRMINO DE MATERIA
Término de materia o nombre geográfico como elemento de entrada Novela infantil.
Fuente del encabezamiento o término LEMB
650 27 - PUNTO DE ACCESO ADICIONAL DE MATERIA--TÉRMINO DE MATERIA
Término de materia o nombre geográfico como elemento de entrada Literatura infantil.
Fuente del encabezamiento o término LEMB
650 27 - PUNTO DE ACCESO ADICIONAL DE MATERIA--TÉRMINO DE MATERIA
Término de materia o nombre geográfico como elemento de entrada Literatura española.
Fuente del encabezamiento o término LEMB
650 27 - PUNTO DE ACCESO ADICIONAL DE MATERIA--TÉRMINO DE MATERIA
Término de materia o nombre geográfico como elemento de entrada Animales en la literatura.
Fuente del encabezamiento o término LEMB
650 27 - PUNTO DE ACCESO ADICIONAL DE MATERIA--TÉRMINO DE MATERIA
Término de materia o nombre geográfico como elemento de entrada Aventuras en la literatura.
Fuente del encabezamiento o término LEMB
700 1# - PUNTO DE ACCESO ADICIONAL--NOMBRE DE PERSONA
Nombre de persona Urberuaga, Emilio,
Fechas asociadas al nombre 1954-,
Término indicativo de función/relación il.
901 ## - ELEMENTOS DE DATOS A LOCAL LDA (RLIN)
a Compra, Distribuidora Colsubsidio, 2008, $31.900.
Existencias
Estado de retiro Estado de pérdida Fuente del sistema de clasificación o colocación Estado dañado No para préstamo Código de colección Localización permanente Ubicación/localización actual Fecha de adquisición Número de inventario Total de préstamos Renovaciones totales Signatura topográfica completa Código de barras Fecha visto por última vez Fecha del último préstamo Número de copia Precio válido a partir de Tipo de ítem Koha Nota pública
          Literatura Infantil Biblioteca Pública San Juan Bosco Biblioteca Pública San Juan Bosco 20/01/2020 113108 6 3 N ZAFp MOS006953 31/08/2024 22/06/2024 ej.1 20/01/2020 Libro Literatura Quince días
          Literatura Infantil Biblioteca Pública San Juan Bosco Biblioteca Pública San Juan Bosco 20/01/2020 NT     N ZAFp | anx.1 ej.1 MOS006954 20/01/2020     20/01/2020 Libro Literatura Quince días

© Todos los derechos reservados para la Biblioteca Pública Municipal San Juan Bosco, 2020
Secretaria de Cultura de Mosquera
Carrera 3 N° 10 Esquina Centro Cultural Barrio El Carmén Teléfono: 8270830 Ext: 34
Funcionando con KOHA
Contacto: Biblioteca Pública Municipal San Juan Bosco/ bibliotecasanjuanbosco@mosquera-cundinamarca.gov.co
Mosquera, Cundinamarca